Reforma del Estado y tendencias de profesionalización de la función pública en Iberoamérica /
En este artículo se analiza la problemática el Estado actual en el marco de las reformas estatales, así como la racionalización y funcionamiento del aparato público, para argumentar sobre la necesidad e importancia de la profesionalización de la función pública, destacando sus principales tendencias...
Salvato in:
| Autore principale: | |
|---|---|
| Natura: | testo |
| Soggetti: | |
| Tags: |
Aggiungi Tag
Nessun Tag, puoi essere il primo ad aggiungerne!!
|
MARC
| LEADER | 00000 a a2200000 04500 | ||
|---|---|---|---|
| 001 | 14168 | ||
| 003 | |||
| 040 | |||
| 100 | |a Fernández Toro, Julio César | ||
| 245 | |a Reforma del Estado y tendencias de profesionalización de la función pública en Iberoamérica / |c Julio César Fernández Toro | ||
| 520 | |a En este artículo se analiza la problemática el Estado actual en el marco de las reformas estatales, así como la racionalización y funcionamiento del aparato público, para argumentar sobre la necesidad e importancia de la profesionalización de la función pública, destacando sus principales tendencias. | ||
| 590 | |a SJB/NOVIEMBRE2012 | ||
| 650 | |a 1.REFORMA DEL ESTADO | ||
| 650 | |a 2.FUNCION PUBLICA | ||
| 650 | |a 3.ADMINISTRACION PUBLICA | ||
| 650 | |a 4.ESTADO | ||
| 650 | |a 5.AMERICA LATINA | ||
| 773 | |g número 54 -55; páginas 9-35 | ||
| 999 | |c 27480 |d 27480 | ||
